B57_東京から見て西北西にある市区町村 - Statistics

General Stats
  • This quiz has been taken 9 times
  • The average score is 68 of 86
Answer Stats
東京
からの
方位角
東京
からの
距離
都道府県 種類 市区町村名 % Correct
294.4 4.0 東京都 特別区 中野区
100%
283.2 15.4 東京都 西東京市
100%
294.4 17.3 東京都 東久留米市
100%
302.5 18.9 東京都 清瀬市
100%
299.0 24.3 埼玉県 所沢市
100%
285.4 32.8 東京都 瑞穂町
100%
285.6 234.9 岐阜県 飛騨市
100%
282.1 12.7 東京都 武蔵野市
88%
287.7 22.3 東京都 東村山市
88%
282.9 25.7 東京都 東大和市
88%
283.4 29.4 東京都 武蔵村山市
88%
283.0 36.4 東京都 羽村市
88%
298.0 38.4 埼玉県 飯能市
88%
285.2 40.1 東京都 青梅市
88%
283.3 56.4 東京都 奥多摩町
88%
300.8 64.9 埼玉県 秩父市
88%
290.3 111.1 長野県 南相木村
88%
291.6 111.7 長野県 北相木村
88%
299.5 126.6 長野県 佐久市
88%
301.8 134.9 長野県 小諸市
88%
283.9 143.5 長野県 茅野市
88%
285.4 148.6 長野県 諏訪市
88%
301.4 152.8 長野県 上田市
88%
286.0 155.0 長野県 岡谷市
88%
287.0 164.7 長野県 塩尻市
88%
291.6 167.4 長野県 松本市
88%
303.5 170.5 長野県 千曲市
88%
293.2 175.7 長野県 安曇野市
88%
283.5 226.8 岐阜県 高山市
88%
297.3 240.4 富山県 立山町
88%
303.5 241.1 富山県 黒部市
88%
298.2 242.9 富山県 舟橋村
88%
299.9 243.3 富山県 滑川市
88%
297.1 250.0 富山県 富山市
88%
296.8 267.9 富山県 高岡市
88%
294.0 268.4 富山県 砺波市
88%
291.5 272.0 富山県 南砺市
88%
302.2 287.6 石川県 七尾市
88%
290.2 290.6 石川県 金沢市
88%
293.8 292.5 石川県 かほく市
88%
289.1 293.2 石川県 野々市市
88%
288.8 296.8 石川県 白山市
88%
283.5 312.9 石川県 加賀市
88%
281.4 318.7 福井県 あわら市
88%
299.2 32.3 埼玉県 入間市
75%
297.6 94.1 群馬県 上野村
75%
300.2 103.3 群馬県 南牧村
75%
288.7 115.3 長野県 南牧村
75%
292.4 118.8 長野県 小海町
75%
295.5 121.6 長野県 佐久穂町
75%
303.2 128.5 長野県 御代田町
75%
283.0 137.6 長野県 原村
75%
301.2 144.1 長野県 東御市
75%
286.8 172.6 長野県 朝日村
75%
288.3 172.8 長野県 山形村
75%
298.8 189.4 長野県 大町市
75%
298.6 238.2 富山県 上市町
75%
302.1 241.5 富山県 魚津市
75%
285.0 260.9 岐阜県 白川村
75%
296.7 262.8 富山県 射水市
75%
298.5 277.1 富山県 氷見市
75%
294.0 277.3 富山県 小矢部市
75%
292.9 288.6 石川県 津幡町
75%
300.6 289.7 石川県 中能登町
75%
297.3 291.5 石川県 宝達志水町
75%
297.7 294.5 石川県 羽咋市
75%
287.3 295.7 石川県 能美市
75%
299.9 300.3 石川県 志賀町
75%
286.1 304.1 石川県 小松市
75%
301.0 63.5 埼玉県 横瀬町
63%
300.0 72.3 埼玉県 小鹿野町
63%
303.6 85.1 群馬県 神流町
63%
287.4 106.3 長野県 川上村
63%
286.3 152.4 長野県 下諏訪町
63%
282.2 158.3 長野県 辰野町
63%
298.3 160.5 長野県 青木村
63%
297.8 171.5 長野県 筑北村
63%
297.4 179.4 長野県 生坂村
63%
296.6 183.5 長野県 池田町
63%
296.5 185.2 長野県 松川村
63%
292.1 295.0 石川県 内灘町
63%
297.6 140.6 長野県 立科町
50%
296.5 145.2 長野県 長和町
50%
302.3 161.5 長野県 坂城町
50%
300.0 171.6 長野県 麻績村
50%
287.7 297.4 石川県 川北町
50%
No matching quizzes found
Score Distribution
Percent of People with Each Score
Percentile by Number Answered
Your Score History
You have not taken this quiz